[Event "CAN-ch U12 Girls"]
[Site "Richmond Hill"]
[Date "2011.07.08"]
[Round "6"]
[White "Pandy, Saramae"]
[Black "Giblon, Melissa"]
[Result "0-1"]
[WhiteElo "1559"]
[BlackElo "1391"]
[PlyCount "150"]
[EventDate "2011.07.06"]
[EventType "swiss"]
[EventRounds "7"]
[EventCountry "CAN"]
[SourceTitle "EXT 2022"]
[Source "ChessBase"]
[SourceDate "2021.10.06"]
[SourceVersion "1"]
[SourceVersionDate "2021.10.06"]
[SourceQuality "1"]

1. d4 Nf6 2. e3 g6 3. Bd3 d5 4. Nd2 Bg7 5. f4 0-0 6. Ngf3 Nc6 7. c3 a6 8. 0-0 e6 9. Ne5 Bd7 10. Qf3 b5 11. Nb3 Qe7 12. Nc5 Nxe5 13. fxe5 Ne8 14. Bd2 Bc6 15. Rf2 f6 16. exf6 Nxf6 17. Qh3 Bd7 18. Nxd7 Nxd7 19. Re2 e5 20. a3 e4 21. Bc2 Nb6 22. c4 Nxc4 23. Bb4 Nd6 24. Bb3 c6 25. Rc1 Rac8 26. Rec2 Qf6 27. Qg3 Nf5 28. Qe1 Rfd8 29. Ba5 Rd6 30. Rc5 Bh6 31. Bd2 Ne7 32. Qg3 Rcd8 33. Rf1 Qg5 34. Qh3 Nf5 35. Rf4 Rf8 36. Rxc6 Qe7 37. Rxf5 Rxf5 38. Rc1 Qg5 39. Rc8+ Bf8 40. Bb4 Rdf6 41. Rxf8+ Rxf8 42. Bxf8 Rxf8 43. Qe6+ Kh8 44. Qe5+ Qxe5 45. dxe5 Re8 46. Bxd5 Rxe5 47. Bb7 a5 48. Kf2 Kg7 49. b3 Kf6 50. h4 h6 51. g4 g5 52. h5 b4 53. a4 Re7 54. Bc6 Ke5 55. Ke2 Rc7 56. Bb5 Rc2+ 57. Kd1 Rg2 58. Bd7 Rb2 59. Be8 Rxb3 60. Ke2 Rb2+ 61. Kd1 Kd6 62. Bg6 Ra2 63. Bxe4 Rxa4 64. Bc2 Ra2 65. Bb3 Ra3 66. Bc2 Rxe3 67. Kd2 Rc3 68. Ba4 Kc5 69. Bc2 Kd4 70. Ba4 b3 71. Bxb3 Rxb3 72. Kc2 Kc4 73. Kd2 a4 74. Ke2 a3 75. Kd1 a2 0-1